000 005630000a22001810004500
003 MACL
005 20160228124948.0
008 160228b xxu||||| |||| 00| 0 eng d
040 _aMACL
_cMACL
041 _aHindi
082 _a800
100 _aई एम एस नंबूदिरिपाद
_941202
245 _aकला साहित्‍य और संस्‍कृति
260 _bपीपुल्‍स लिटरेसी
_c1982
_aदिल्‍ली
350 _a20
650 _aLiteracture
_939932
942 _cHIN
_k800
_2ddc
999 _c28156
_d28156